5HLuxD.jpg

KING HENRY VIII SENIOR AND PRIMARY SCHOOL LIBRARY OPAC

100 things to know about planet Earth / (Record no. 3639)

000 -LEADER
fixed length control field 01457nam a2200325 i 4500
001 - CONTROL NUMBER
control field ocm000065946667
003 - CONTROL NUMBER IDENTIFIER
control field AuCNLKIN
005 - DATE AND TIME OF LATEST TRANSACTION
control field 20240319085314.0
008 - FIXED-LENGTH DATA ELEMENTS--GENERAL INFORMATION
fixed length control field 200619s2019 enkab j 001 0 eng d
020 ## - INTERNATIONAL STANDARD BOOK NUMBER
International Standard Book Number 9781474950626
040 ## - CATALOGING SOURCE
Original cataloging agency UKMGB
Language of cataloging eng
Description conventions rda
Transcribing agency UKMGB
Modifying agency OCLCO
-- OCLCF
-- SALS
-- CaOL
-- KH8
082 ## - DEWEY DECIMAL CLASSIFICATION NUMBER
Classification number 550 MAR
100 1# - MAIN ENTRY--PERSONAL NAME
Personal name Martin, Jerome
Titles and words associated with a name (Writer of children's books),
Relator term author.
245 10 - TITLE STATEMENT
Title 100 things to know about planet Earth /
Statement of responsibility, etc. written by Jerome Martin [and three others] ; illustrated by Federico Mariani [and three others].
246 33 - VARYING FORM OF TITLE
Title proper/short title One hundred things to know about planet Earth.
246 3# - VARYING FORM OF TITLE
Title proper/short title Hundred things to know about Planet Earth.
246 30 - VARYING FORM OF TITLE
Title proper/short title Planet Earth.
264 #1 - PRODUCTION, PUBLICATION, DISTRIBUTION, MANUFACTURE, AND COPYRIGHT NOTICE
Place of production, publication, distribution, manufacture London :
Name of producer, publisher, distributor, manufacturer Usborne Publishing Ltd.,
Date of production, publication, distribution, manufacture, or copyright notice 2019.
264 #4 - PRODUCTION, PUBLICATION, DISTRIBUTION, MANUFACTURE, AND COPYRIGHT NOTICE
Date of production, publication, distribution, manufacture, or copyright notice ©2019.
300 ## - PHYSICAL DESCRIPTION
Extent 128 pages :
Other physical details colour illustrations, colour maps ;
Dimensions 25 cm.
336 ## - CONTENT TYPE
Content type term text
Content type code txt
Source rdacontent.
336 ## - CONTENT TYPE
Content type term still image
Content type code sti
Source rdacontent.
337 ## - MEDIA TYPE
Media type term unmediated
Media type code n
Source rdamedia.
338 ## - CARRIER TYPE
Carrier type term volume
Carrier type code nc
Source rdacarrier.
500 ## - GENERAL NOTE
General note Includes index.
520 ## - SUMMARY, ETC.
Summary, etc. What are phantom islands? How did the Black Death cause an ice age? How could graffiti save endangered tortoises? Find the answers to these questions and 97 more in this bold, graphic and exciting book, full of amazing things to know about Planet Earth.
651 #0 - SUBJECT ADDED ENTRY--GEOGRAPHIC NAME
Geographic name Earth (Planet)
Form subdivision Miscellanea
-- Juvenile literature.
700 1# - ADDED ENTRY--PERSONAL NAME
Personal name Mariani, Federico,
Dates associated with a name 1974-
Relator term illustrator.
942 ## - ADDED ENTRY ELEMENTS (KOHA)
Source of classification or shelving scheme
Koha item type Books - Non Ficton
Holdings
Withdrawn status Lost status Source of classification or shelving scheme Damaged status Not for loan Collection code Permanent Location Current Location Shelving location Date acquired Total Checkouts Full call number Barcode Date last seen Date last checked out Price effective from Koha item type
          Non-Fiction KH8 Primary School Library KH8 Primary School Library Non Fiction 2024-03-19 11 550 MAR KHPL000004510 2025-12-05 2025-10-06 2024-03-19 Books - Non Ficton

Powered By KH8 IT Dept